Selling the invisible : (Record no. 23990)
[ view plain ]
| 000 -LEADER | |
|---|---|
| fixed length control field | 00867cam a2200181 a 4500 |
| 020 ## - INTERNATIONAL STANDARD BOOK NUMBER | |
| ISBN | 9780446520942 |
| 020 ## - INTERNATIONAL STANDARD BOOK NUMBER | |
| ISBN | 0446520942 |
| 041 ## - LANGUAGE CODE | |
| Language code of text/sound track or separate title | English |
| 082 00 - DEWEY DECIMAL CLASSIFICATION NUMBER | |
| Classification number | 658.81 |
| Item number | BEC |
| 100 1# - MAIN ENTRY--AUTHOR NAME | |
| Author name | Beckwith, Harry |
| 245 10 - TITLE STATEMENT | |
| Title | Selling the invisible : |
| Sub Title | a field guide to modern marketing / |
| Statement of responsibility, etc | Harry Beckwith. |
| 260 ## - PUBLICATION, DISTRIBUTION, ETC. (IMPRINT) | |
| Place of publication | New York : |
| Name of publisher | Warner Books , |
| Year of publication | 1997. |
| 300 ## - PHYSICAL DESCRIPTION | |
| Number of Pages | xx, 252 pages ; |
| Dimensions | 20 cm. |
| 504 ## - BIBLIOGRAPHY, ETC. NOTE | |
| Bibliography, etc | Includes bibliographical references (p. 246-250). |
| 505 ## - FORMATTED CONTENTS NOTE | |
| Formatted contents note | 1 Getting Started -- 2 Surveying and Research -- 3 Marketing is Not a Department -- 4 Planning: The Eighteen Fallacies -- 5 Anchors, Warts, and American Express -- 6 The More You Say, the Less People Hear -- 7 Ugly Cats, Boat Shoes and Overpriced Jewelry -- 8 How to Save $5000,000 -- 9 Holding on to What You've Got -- 10 Quick Fixes. |
| 650 #0 - SUBJECT ADDED ENTRY--TOPICAL TERM | |
| Subject | Service industries |
| General subdivision | Marketing. |
| 942 ## - ADDED ENTRY ELEMENTS (KOHA) | |
| Source of classification or shelving scheme | Dewey Decimal Classification |
| Koha item type | Books |
| Withdrawn status | Lost status | Source of classification or shelving scheme | Damaged status | Not for loan | Home library | Current library | Shelving location | Date acquired | Source of acquisition | Full call number | Accession Number | Price effective from | Koha item type |
|---|---|---|---|---|---|---|---|---|---|---|---|---|---|
| Dewey Decimal Classification | Institute of Public Enterprise, Library | Institute of Public Enterprise, Library | S Campus | 08/18/2025 | Gifted by M.J. Rama Krishna | 658.81 BEC | 50228 | 08/18/2025 | Books |

2cqr automation private limited, Chennai. All Rights Reserved.